000 00815nam a22002657a 4500
003 0
005 20180723120605.0
008 0
010 _aB-226254
020 _c395.00
_a8130903032
035 _aB-226254, B-226255
037 _bCen Lib/Ret
040 _aDPL
_bEN
_c0
082 _a338.4791
_bSPO
245 _aSport tourism :
_cedited by Brent W. Ritchie [and] Daryl Adair
_binterrelationships, impact and issues /
260 _aNew Delhi
_bViva books
_c2006
270 _a4262/3, Ansari road, Daryaganj
_bNew Delhi
_e110002
300 _ax,302p.
_c22cm(pbk)
490 _aAspects of tourism
650 _aSport tourism
_918759
650 _aTravel and Tourism
_937726
700 _aRitchie Brent W.
_937705
700 _aAdair, Daryl
_937727
942 _2ddc
_cEN
_h338.4791
_mSPO
999 _c133364
_d133364